书目信息 |
| 题名: |
中国封建社会经济结构研究
|
|
| 作者: | ;中国史研究编辑部 编 | |
| 分册: | ||
| 出版信息: | 北京 中国社会科学出版社 1985 |
|
| 页数: | 428 | |
| 开本: | 19cm | |
| 丛书名: | ||
| 单 册: | ||
| 中图分类: | F129.3 | |
| 科图分类: | ||
| 主题词: | 封建社会-经济结构--研究--中国 , 经济结构-封建社会--研究--中国 | |
| 电子资源: | ||
| ISBN: | ||
| 000 | 00769nam0 2200253 45 | |
| 001 | 0185002413 | |
| 005 | 20040425081308.4 | |
| 010 | @dCNY2.80 | |
| 091 | @a11190.144 | |
| 100 | @a19900904d1985 em y0chiy0121 ea | |
| 101 | 0 | @achi |
| 102 | @aCN@b110000 | |
| 105 | @ay m 000yy | |
| 106 | @ar | |
| 200 | 10 | @a中国封建社会经济结构研究@Azhong guo feng jian she hui jing ji jie gou yan jiu@f中国史研究编辑部编 |
| 210 | @a北京@c中国社会科学出版社@d1985 | |
| 215 | @a428@d19cm | |
| 606 | @a封建社会-经济结构@x研究@y中国 | |
| 606 | @a经济结构-封建社会@x研究@y中国 | |
| 690 | @aF129.3@v3 | |
| 711 | 02 | @a中国史研究编辑部@Azhong guo shi yan jiu bian ji bu@4编 |
| 801 | 0 | @aCN@b深圳图书馆@c20040425 |
| 801 | 2 | @aCN@bNLC@c20040425 |
| 905 | @f2@b148100-101@dF129.3@e27 | |
| 中国封建社会经济结构研究/中国史研究编辑部编.-北京:中国社会科学出版社,1985 |
| 428;19cm |
| ISBN :CNY2.80 |
| ● |
| 相关链接 |
|
|
|
|
正题名:中国封建社会经济结构研究
索取号:F129.3/27
 
预约/预借
| 序号 | 登录号 | 条形码 | 馆藏地/架位号 | 状态 | 备注 |
| 1 | 0148100 | 000201891 | 第一借阅区/ [索取号:F129.3/27] | 在馆 | |
| 2 | 0148101 | 000201935 | 密集书库/ [索取号:F129.3/27] | 在馆 | |
| 3 | 0148102 | 002057623 | 第一样本阅览室/ [索取号:F129.3/27] | 在馆 |